| 000 | 00481nam a2200181Ia 4500 | ||
|---|---|---|---|
| 005 | 20250326130058.0 | ||
| 008 | 250326s9999 xx 000 0 und d | ||
| 037 | _aTextbook | ||
| 040 |
_aFMSL _beng _cFMSL |
||
| 041 |
_aeng _2eng |
||
| 084 |
_aX:51 L5 _qFMSL |
||
| 100 |
_aKrief B _9740076 |
||
| 245 | 0 |
_aYour marketing department _cKrief B |
|
| 260 |
_aLondon _bLondon, Business Book _c1975 |
||
| 300 | _a145p | ||
| 942 |
_cTB _hX:51 L5 |
||
| 999 |
_c1280819 _d1280819 |
||